1453 1170 1301 1040 1377 1802 1206 1233 1923 1828 1719 1705 1489 1311 1711 1731 1860 1584 1760 1854 1396 1835 1515 1567 1806 1531 1043 1432 1734 1154 1516 1608 1786 1535 1816 1682 1044 1816 1585 1997 1778 1915 1764 1353 1089 1942 1392 1980 1742 1723 1904 1770 1922 1507 1969 1898 1030 1567 1158 1291 1428 1853 1781 2000 1348 1080 1126 1199 1436 1555 1209 1150 1265 1034 1638 1671 1557 1888 1357 1861 1608 1957 1791 1784 1862 1631 1792 1312 1498 1480 1672 1202 1676 1568 1976 1738 1370 1319 1851 BCNSPRNW ULIB Ver.6.0+V

เปลี่ยนเป็นภาษาไทย

Change to English
 แสดงรายละเอียดบรรณานุกรม
  กลับหน้าหลัก

Brief Record : Get Marc (ISO 2709) : E-mail record : QR code < ปิดหน้าต่าง
LEADER : 00000nam 2200000uu 4500
001    13399126912
003     ULIB
008    190903s2562||||th 000 0 tha d
020    ^a9786164073944
060  4 ^aWK140^bป135ร ล.2
100 0  ^aปฏิณัฐ บูรณะทรัพย์ขจร
245 00 ^aโรคต่อมไร้ท่อและเมตะบอลิสม เล่ม 2 /^bบรรณาธิการ, ปฏิณัฐ บูรณะทรัพย์ขจร [และคนอื่นๆ..]
250    ^aพิมพ์ครั้งที่ 3
260    ^aกรุงเทพฯ :^bเท็กซ์ แอนด์ เจอร์นัล พับลิเคชั่น,^c2562.
300    ^a804 หน้า :^bภาพประกอบ;^c27 ซม.
650  7 ^aต่อมไร้ท่อ^xโรค
700 0  ^aลลิตา วัฒนะจรรยา,^eบรรณาธิการ
700 0  ^aพัชญา บุญชยาอนันต์,^eบรรณาธิการ
700 0  ^aวีรพันธุ์ โขวิฑูรกิจ,^eบรรณาธิการ
710 2  ^aจุฬาลงกรณ์มหาวิทยาลัย.^bภาควิชาอายุรศาสตร์
710 2  ^aจุฬาลงกรณ์มหาวิทยาลัย.^bคณะแพทยศาสตร์
945    ^p900^l0^i27571
945    ^p900^l0^i27565
999    ^aกัณชพร จุลอักษร
รายการนี้ยังไม่มีแท็ก
คุณยังไม่ได้ล็อกอิน คุณสามารถมีกิจกรรมร่วมกับเว็บไซต์ได้ แต่ต้องล็อกอินก่อน ::
  ล็อกอิน

รายการสื่อสารสนเทศ

ลำดับที่ ประเภท เลขเรียก/บาร์โค้ด สถานที่ สถานะ
1. หนังสือสำรอง
หนังสือสำรอง
WK140 ป135ร ล.2 ฉ.1 
  Barcode: 27565
ห้องสมุดวิทยาเขตนครสวรรค์
►หนังสือทั่วไป:l:General Books
บนชั้น
2. วิทยาศาสตร์การแพทย์ และสุขภาพ
วิทยาศาสตร์การแพทย์ และสุขภาพ
WK140 ป135ร ล.2 ฉ.2 
  Barcode: 27571
ห้องสมุดวิทยาเขตนครสวรรค์
►หนังสือทั่วไป:l:General Books
บนชั้น

รายการใกล้เคียง
    ผู้แต่ง [ปฏิณัฐ บูรณะทรัพย์ขจร]

BibComment


ยังไม่เคยถูกคอมเมนท์

คอมเมนท์ทรัพยากรรายการนี้
  คอมเมนท์: โรคต่อมไร้ท่อและ..


 Copyright 2026. Bcnsprnw @Library